[Event "8th HDBank Cup 2018"]
[Site "Hanoi"]
[Date "2018.03.14"]
[Round "7"]
[White "Pham Chuong"]
[Black "Tran, Tuan Minh"]
[Result "1/2-1/2"]
[WhiteElo "2393"]
[BlackElo "2522"]
[Annotator "TA"]
[PlyCount "98"]
[EventDate "2018.??.??"]
[EventCountry "VIE"]
[SourceTitle "playchess.com"]
[Source "ChessBase"]
[SourceQuality "1"]

{[%evp 23,98,0,0,-5,4,-15,0,0,0,0,0,0,0,0,0,-52,0,-14,-14,-13,-14,-14,-14,-9,-14,-17,-12,-6,0,0,0,0,0,0,12,-12,0,-11,-14,-12,-8,-12,0,0,0,0,0,-9,-7,-37,0,-8,-8,-16,0,0,0,-8,0,0,0,1,10,10,24,16,67,38,34,0,50,0,49,52,110,99,108]} 1. d4 Nf6 2. c4 e6 3. g3 c5 4. d5 exd5 5. cxd5 d6 6. Nc3 g6 7. Bg2 Bg7 8. Nf3 O-O 9. O-O Re8 10. Bf4 Na6 11. Re1 {A62: Modern Benoni: Fianchetto Variation without early ...Nbd7} Bf5 (11... Bg4 12. h3 Bxf3 13. Bxf3 Nd7 14. Ne4 Ne5 15. Bg2 Nc7 16. g4 f5 17. gxf5 gxf5 18. Bg5 Qd7 {½-½ (66) Wojtaszek,R (2737)-Zhigalko,S (2638) Heraklio 2017}) 12. Nh4 Bd7 {LiveBook: 6 Games} 13. Qd2 {The position is equal.} Qb6 14. e4 $146 ({Find the theoretical novelty and annotate with similar games:} 14. Rac1 c4 15. Be3 Rxe3 16. Qxe3 Qxe3 17. fxe3 Rc8 18. e4 Bh6 {0-1 (35) Antonenko,V (2412)-Scherer,R (2593) ICCF email 2009}) 14... c4 15. Nf3 Nc5 {[%cal Rf6e4]} 16. e5 Ng4 {[%cal Rd6e5,Bf6g4,Bg4f2,Bf2e4][%mdl 32]} 17. e6 fxe6 18. dxe6 Nxe6 19. Bxd6 (19. h3 $1 $11 Nxf4 20. gxf4) 19... Bc6 (19... Bh6 $15 20. Bf4 Bxf4 21. Qxd7 Nxf2) 20. h3 Bxf3 21. Bxf3 Nxf2 $1 {[#] Strongly threatening ...Ne4+.} 22. Nd5 $1 {[%cal Rd5b6]} Ne4+ ({Don't play} 22... Qxb2 23. Qxb2 Bxb2 24. Kxf2 $16) 23. Nxb6 Nxd2 24. Bd5 axb6 25. Rad1 $132 {[%mdl 2048] White puts up resistance} Nf3+ 26. Bxf3 {[#] Bd5 is the strong threat.} Rad8 27. Ba3 Rxd1 28. Rxd1 b5 29. Re1 Kf7 30. Bxb7 Rd8 31. Bc6 Nd4 32. Be4 $1 Ne6 33. Bc6 b4 34. Bxb4 {Hoping for Bb5.} Bxb2 35. Be4 Nd4 {next ...c3 is good for Black.} 36. Bc5 (36. Kf2 {NOTEXT} Kf6 37. Rd1 Rb8 38. a3 Re8 39. Rd2) 36... c3 (36... Bc3 {NOTEXT} 37. Rb1 Kf6 38. Rb7 Ke5 39. Bb6 Rf8) 37. Bxd4 (37. Rf1+ {NOTEXT} Kg7 38. Bb6 Rd6 39. Bxd4+ Rxd4 40. Bc2) 37... Rxd4 $11 {[%mdl 4096] Endgame KRB-KRB} 38. Bc2 Kf6 39. Kf2 Ba3 40. Rd1 Rc4 41. Ke2 Rc7 42. Rd4 Ke5 43. Kd3 Bb2 44. Re4+ Kf5 (44... Kd6 $11) 45. Rf4+ Ke5 46. Re4+ Kf6 47. Rf4+ Kg7 48. a4 g5 ({Better is} 48... Ra7 $14) 49. Rd4 Ra7 {Precision: White = 49%, Black = 46%.} 1/2-1/2

[Event "8th HDBank Cup 2018"]
[Site "Hanoi"]
[Date "2018.03.14"]
[Round "7"]
[White "Chen, Qi b"]
[Black "Xu Yi"]
[Result "1/2-1/2"]
[WhiteElo "2359"]
[BlackElo "2499"]
[Annotator "TA"]
[PlyCount "40"]
[EventDate "2018.??.??"]
[EventCountry "VIE"]
[SourceTitle "playchess.com"]
[Source "ChessBase"]
[SourceQuality "1"]

{[%evp 9,40,7,10,0,8,9,6,-12,16,7,7,28,8,0,22,-16,0,0,0,0,0,0,107,49,54,49,108,84,110,84,106,108,106]} 1. e4 c6 2. d4 d5 3. e5 Bf5 4. h4 a6 (4... h5 5. Bd3 Bxd3 6. Qxd3 Qa5+ 7. Nd2 e6 8. Ne2 Ne7 9. O-O Nf5 10. Nf3 Qa6 11. Qd1 Be7 12. g3 c5 {½-½ (67) Nakamura,H (2787)-Artemiev,V (2697) Moscow 2018}) 5. Nc3 h5 6. Nge2 {B12: Caro-Kann: Advance Variation} e6 7. Ng3 Bg6 8. Bg5 $146 {The position is equal.} ({Predecessor:} 8. Nce2 c5 9. Nf4 Ne7 10. Nfxh5 cxd4 11. Nf4 Nbc6 12. h5 Bh7 {½-½ (61) Fier,A (2595)-Nikolov,S (2358) Skopje 2014}) 8... f6 9. exf6 $1 gxf6 10. Be3 Bd6 11. Bd3 Bf7 12. Qd2 Qc7 13. Nce2 $36 {[%mdl 2048] White is pushing.} Ne7 14. c4 dxc4 15. Bxc4 Nd5 {[#]} (15... Nd7 $1 $11) 16. a3 (16. O-O $1 $16) 16... Nd7 17. Bxd5 cxd5 ({Black should play} 17... exd5 $14 18. Nf5 Nf8) 18. Rc1 $16 {White is better.} Qd8 {[#]} 19. Bf4 $1 {[%cal Rf4d6]} Nb6 20. Bxd6 Qxd6 {Precision: White = 59%, Black = 56%.} 1/2-1/2

[Event "8th HDBank Cup 2018"]
[Site "Hanoi"]
[Date "2018.03.14"]
[Round "7"]
[White "Zou, Chen"]
[Black "Nguyen, Duc Hoa"]
[Result "1-0"]
[WhiteElo "2291"]
[BlackElo "2463"]
[Annotator "TA"]
[PlyCount "77"]
[EventDate "2018.??.??"]
[EventCountry "VIE"]
[SourceTitle "playchess.com"]
[Source "ChessBase"]
[SourceQuality "1"]

{[%evp 21,77,68,75,75,81,43,72,0,20,0,0,-52,-48,-42,-43,-36,-25,-29,-26,-27,-25,-68,-29,-62,-86,-78,-93,-70,-65,-89,754,737,729,176,176,176,179,175,156,127,126,124,118,110,227,214,427,422,601,587,652,631,778,754,805,750,810,806]} 1. e4 c5 2. Nf3 e6 3. d4 cxd4 4. Nxd4 Nc6 5. Nc3 Qc7 6. Be3 a6 7. Qd2 Be7 8. O-O-O Nf6 9. f3 Nxd4 10. Qxd4 d6 11. g4 {[%cal Bg2g4,Bg4g5][%mdl 32]} O-O 12. h4 {B80: Sicilian Scheveningen: 6 g3 and 6 Be3, including English Attack} b5 13. g5 (13. h5 Rb8 14. g5 Ne8 15. f4 b4 16. Na4 e5 17. Qc4 exf4 18. Bxf4 Qa5 19. b3 Bxg5 20. Bxg5 Qxg5+ {0-1 (41) Espinosa Veloz,E (2467)-Corrales Jimenez,F (2586) Havana 2011}) 13... Nh5 $146 ({Predecessor:} 13... Ne8 14. h5 Rb8 15. Bh3 b4 16. Ne2 Qa5 17. f4 Qxa2 18. b3 Qa5 19. Kb1 e5 {0-1 (37) Sikorova,O (2304)-Schmidt,J (2283) Ekaterinburg 2007}) 14. Ne2 (14. Bh3 $16) 14... Bb7 $11 15. Bh3 Rac8 {[%csl Gc8][%cal Rc7c2]} 16. Qd2 ({Better is} 16. Qc3 $11) 16... d5 $1 $15 {Threatens to win with ...Rfd8.} 17. e5 d4 18. Nxd4 Rfd8 19. Bg4 {[#]} Nf4 $1 {[%mdl 512]} 20. Kb1 (20. Bxf4 $2 Rxd4 $1 {[%mdl 512]} 21. Qe2 Rxf4 $19) 20... Nd5 21. g6 hxg6 22. Bg5 Qxe5 23. Rde1 Bxg5 $1 24. hxg5 Qf4 $1 {[%cal Rf4d2]} 25. Qf2 Ne3 $2 {[%mdl 8192]} (25... Nc7 $17 26. Qh4 Kf8) 26. Nxe6 $1 $18 {Qh4 is the strong threat.} Nxg4 27. Rh8+ $2 (27. Nxf4 $2 Nxf2 28. Rhf1 Rd2 $19) (27. Nxd8 {[%cal Re1e8]} Nf6 28. Nxb7) 27... Kxh8 28. Qh4+ (28. Nxf4 $2 Nxf2 29. Kc1 Bxf3 $19) 28... Kg8 29. Nxf4 Bxf3 30. Qg3 Bd1 31. c3 {[%mdl 1024] White has strong compensation.} Rd2 32. Rh1 $40 {[%mdl 128] Black is in trouble.} Nf2 {[#]} (32... Rcd8 $16 {was necessary.} 33. Qh4 Nh6) 33. Rh2 $1 {Strongly threatening Qh4.} Ba4 $2 (33... Ne4 34. Rh8+ Kxh8 35. Qh3+ Kg8 36. Qxc8+ Kh7) 34. b3 {aiming for Qh4.White is clearly winning.} b4 (34... Re8 $142 35. Ne2 Rd1+ 36. Nc1 Nd3 37. Qxd3 Rxd3 38. Nxd3 Re4) 35. Rxf2 ({Don't blunder} 35. bxa4 $2 bxc3 36. Kc1 {[#]} (36. Rxf2 {leads to mate.} c2+ 37. Kc1 Rd1+ 38. Kb2 c1=Q+ 39. Kb3 Rb8#) 36... c2 $1 $19 {[%mdl 512]}) 35... bxc3 {( -> ...c2+)} 36. Kc1 Rxf2 37. Qxf2 Bc6 38. Qd4 Bf3 39. Nd5 {Precision: White = 65%, Black = 47%.} 1-0

[Event "8th HDBank Cup 2018"]
[Site "Hanoi"]
[Date "2018.03.14"]
[Round "8"]
[White "Mareco, Sandro"]
[Black "Le Tuan Minh"]
[Result "1/2-1/2"]
[WhiteElo "2635"]
[BlackElo "2489"]
[Annotator "TA"]
[PlyCount "57"]
[EventDate "2018.??.??"]
[EventCountry "VIE"]
[SourceTitle "playchess.com"]
[Source "ChessBase"]
[SourceQuality "1"]

{[%evp 12,57,20,23,21,15,14,7,41,45,32,45,46,16,61,38,27,22,32,12,46,37,43,24,35,0,62,18,73,66,67,79,81,68,83,80,71,70,84,84,76,72,64,23,49,40,37,39]} 1. d4 d5 2. c4 c6 3. Nf3 Nf6 4. Nc3 a6 5. e3 Bf5 6. Nh4 {D15: Slav Defence: 4 Nc3 a6 and gambit lines after 4 Nc3 dxc4} (6. Qb3 b5 7. c5 a5 8. Be2 g6 9. O-O Bg7 10. Bd2 O-O 11. a3 Nbd7 12. Rfc1 Ne4 13. Qd1 Nxd2 14. Qxd2 {½-½ (56) Mamedyarov,S (2799)-Andreikin,D (2712) Huaian 2017}) 6... Bg4 7. Qc2 {LiveBook: 3 Games} e6 8. h3 {The position is equal.} Bh5 9. g4 {[%cal Bg2g4,Bg4g5][%mdl 32]} Bg6 $146 (9... Nfd7 {is more complex.} 10. Ng2 Bg6 11. Qb3 b5 12. c5 a5) ({Predecessor:} 9... Nfd7 10. Ng2 Bg6 11. Qb3 b5 12. c5 a5 13. Nf4 b4 14. Nxg6 hxg6 {½-½ (60) Shankland,S (2581)-Gareyev,T (2654) Las Vegas 2012}) 10. Nxg6 hxg6 11. g5 Ng8 {[%cal Bf6g8,Bg8e7,Be7f5][%mdl 32]} 12. Bd2 Ne7 13. O-O-O Nf5 14. Bd3 dxc4 15. Bxc4 Nd7 16. Bd3 Be7 17. f4 Nb6 18. a3 Rc8 (18... Rh4 $11) 19. Kb1 (19. h4 $5) 19... c5 (19... Nd5 $11 20. Rde1 Rh4) 20. dxc5 $16 Rxc5 21. Bxf5 $1 gxf5 {[#]} 22. e4 $1 {aiming for Be3.} Qc7 23. Be3 Rxc3 24. Qxc3 Qxc3 25. bxc3 Nc4 26. Bd4 {[#] Strongly threatening exf5.} fxe4 27. a4 f6 28. h4 Kf7 29. Ka2 {Precision: White = 52%, Black = 43%.} 1/2-1/2

[Event "8th HDBank Cup 2018"]
[Site "Hanoi"]
[Date "2018.03.14"]
[Round "8"]
[White "Gordievsky, Dmitry"]
[Black "Wang, Hao"]
[Result "1-0"]
[WhiteElo "2630"]
[BlackElo "2713"]
[Annotator "TA"]
[PlyCount "99"]
[EventDate "2018.??.??"]
[EventCountry "VIE"]
[SourceTitle "playchess.com"]
[Source "ChessBase"]
[SourceQuality "1"]

{[%evp 22,99,23,10,14,14,8,0,0,0,14,0,23,14,18,6,13,13,22,15,22,12,12,18,16,8,23,23,23,22,21,18,21,18,20,20,44,46,41,42,43,40,42,27,53,10,221,219,301,317,310,316,313,316,306,310,306,293,265,180,332,333,407,430,425,445,444,437,441,397,439,439,431,392,704,694,784,737,1162,1157]} 1. Nf3 d5 2. c4 e6 3. g3 Nf6 4. Bg2 dxc4 5. O-O Nbd7 6. Qa4 a6 7. Qxc4 c5 8. Qb3 Ra7 {A13: English Opening: 1...e6} 9. a4 b6 10. Na3 $146 ({Find the theoretical novelty and annotate with similar games:} 10. Nc3 Bb7 11. d3 Be7 12. Bf4 O-O 13. e4 Ne8 14. Rfd1 Bd6 15. Be3 Nef6 16. h3 {½-½ (23) Weiss,C (2421)-Prusikin,M (2534) Germany 2009}) 10... Be7 11. Nc4 O-O 12. d3 {LiveBook: 3 Games} Nd5 13. Bd2 a5 14. Nfe5 Nxe5 15. Nxe5 Bb7 16. Nc4 Ba8 17. Rfd1 Nb4 18. Bxa8 Rxa8 19. Bc3 Qd5 20. Rd2 Rfd8 21. Qd1 {Bxb4 is the strong threat.} Rab8 22. Qf1 Nc6 23. e3 Qf3 24. Qg2 Qxg2+ 25. Kxg2 f6 26. f4 Kf7 27. Kf3 h5 28. h3 Ke8 29. g4 Kf7 30. Rg1 hxg4+ 31. hxg4 Rh8 32. Rdg2 Bd8 33. Ke2 Kg6 $2 {[#]} (33... Bc7 $11 {and Black is okay.}) 34. Nd6 $1 $18 {Threatens to win with f5+.} e5 35. f5+ Kh7 {[#]} 36. Nf7 $1 Rf8 37. g5 fxg5 38. Nxg5+ ({Weaker is} 38. Nxe5 Nxe5 39. Bxe5 Rb7 $16) 38... Bxg5 39. Rxg5 Rb7 40. Kf3 Kg8 $2 (40... Rff7 41. Ke4 Kg8) 41. Rg6 Nd4+ 42. exd4 exd4 43. Bd2 Rxf5+ 44. Ke4 Rh5 45. R6g5 Rh3 46. Bf4 Rh4 47. R1g4 Rh3 $2 (47... Rxg4 48. Rxg4 Re7+ 49. Kd5 Re2) 48. Be5 {White is clearly winning.} Re3+ 49. Kd5 Rxd3 50. Bxg7 {Precision: White = 85%, Black = 45%.} 1-0

[Event "8th HDBank Cup 2018"]
[Site "Hanoi"]
[Date "2018.03.14"]
[Round "8"]
[White "Nguyen, Ngoc Truong Son"]
[Black "Zou, Chen"]
[Result "1/2-1/2"]
[WhiteElo "2630"]
[BlackElo "2291"]
[Annotator "TA"]
[PlyCount "65"]
[EventDate "2018.??.??"]
[EventCountry "VIE"]
[SourceTitle "playchess.com"]
[Source "ChessBase"]
[SourceQuality "1"]

{[%evp 18,65,38,35,39,43,43,38,48,41,37,43,58,53,57,50,50,58,72,16,16,0,45,43,45,48,48,52,56,52,50,37,39,38,48,20,48,43,41,20,20,0,0,0,0,0,0,0,0,0]} 1. d4 Nf6 2. c4 e6 3. Nf3 d5 4. Nc3 Bb4 5. Bg5 h6 6. Bxf6 Qxf6 7. Qa4+ Nc6 8. e3 O-O {D38: Queen's Gambit Declined: Ragozin Defence (4 Nf3 Bb4)} 9. Rc1 dxc4 (9... Rd8 10. cxd5 exd5 11. a3 Bf8 12. Be2 Ne7 13. O-O c6 14. b4 Ng6 15. b5 Bd7 16. bxc6 bxc6 17. Qa5 Re8 18. Rfe1 Bd6 {0-1 (45) Le,Q (2737)-Yu,Y (2751) Huaian 2017}) 10. Bxc4 {LiveBook: 6 Games} e5 {[%cal Re5d4] White is slightly better.} 11. O-O $146 ({Predecessor:} 11. dxe5 Bxc3+ 12. Rxc3 Nxe5 13. Nxe5 Qxe5 14. O-O Rd8 15. Qb3 Qe7 16. e4 {0-1 (51) Sieciechowicz,M (2441)-Lenderman,A (2549) Moscow 2011}) 11... exd4 12. Nd5 Qd6 13. Nxb4 Nxb4 14. Rfd1 Nc6 15. Nxd4 Nxd4 16. Rxd4 Qe7 17. Re4 Qf6 18. Qb5 (18. Qb3 $16) 18... c6 $1 $11 {[%cal Rc6b5]} 19. Qe5 Qg6 20. Rd4 Bh3 {[%csl Gh3][%cal Rg6g2] [#]} 21. Qg3 Qxg3 22. hxg3 Be6 23. Bxe6 fxe6 $14 {[%mdl 4096] Endgame KRR-KRR} 24. Rd7 Rf7 25. Rcd1 Re8 26. Kf1 Ree7 27. Rd8+ Rf8 28. R1d7 Kf7 {The position is equal.} 29. Rxf8+ Kxf8 30. Rd6 Re8 31. Rd7 Re7 32. Rd6 Re8 33. Rd7 {Precision: White = 50%, Black = 90%.} 1/2-1/2

[Event "8th HDBank Cup 2018"]
[Site "Hanoi"]
[Date "2018.03.14"]
[Round "8"]
[White "Wen, Yang"]
[Black "Nguyen Anh Khoi"]
[Result "1-0"]
[WhiteElo "2608"]
[BlackElo "2435"]
[Annotator "TA"]
[PlyCount "127"]
[EventDate "2018.??.??"]
[EventCountry "VIE"]
[SourceTitle "playchess.com"]
[Source "ChessBase"]
[SourceQuality "1"]

{[%evp 16,127,23,26,49,23,113,86,100,62,66,53,57,57,79,58,63,51,47,6,33,20,37,0,0,0,0,-20,8,0,17,12,66,72,66,68,74,0,152,159,223,208,227,233,312,304,291,292,321,306,293,189,230,224,239,190,192,183,372,372,388,139,427,0,0,0,0,0,0,0,-1,0,384,388,377,375,331,218,317,156,202,200,196,193,170,70,70,69,88,88,88,88,88,75,75,75,75,75,75,73,75,73,70,0,69,54,48,56,357,330,475,272,29997,29998]} 1. d4 Nf6 2. Nf3 g6 3. g3 b6 4. Bg2 Bb7 5. O-O Bg7 6. c4 O-O 7. Qc2 c5 {A50: Queen's Fianchetto Defence (1 d4 Nf6 2 c4 b6)} 8. d5 b5 9. e4 {LiveBook: 14 Games} d6 {White has an edge.} (9... bxc4 10. Rd1 d6 11. Na3 Nbd7 12. Nxc4 Ng4 13. Bd2 Ba6 14. Rab1 Nge5 15. Nfxe5 Nxe5 16. Nxe5 Bxe5 {½-½ (42) Mamedyarov,S (2799)-Artemiev,V (2691) Riadh 2017}) 10. Rd1 $146 ({Predecessor:} 10. Nbd2 Nbd7 11. Rb1 bxc4 12. Nxc4 Nb6 13. b3 e6 14. Bf4 exd5 15. Nxd6 {½-½ (34) Harutyunian,T (2480)-Bortnyk,O (2588) Lagodekhi 2016}) 10... Nfd7 (10... b4 $11 {keeps the balance.}) 11. cxb5 $16 a6 12. b6 Nxb6 13. Bd2 a5 14. Bc3 a4 15. Bxg7 Kxg7 16. a3 Bc8 17. h3 Na6 18. Nc3 Nc7 19. e5 f6 20. e6 Ba6 21. h4 {[%cal Bh3h4,Bh4h5][%mdl 32]} Qe8 22. h5 Rb8 23. Nh4 Bc4 (23... f5 $11) 24. Qc1 $14 g5 25. Nf5+ Kh8 $1 26. f4 (26. Be4 $16) 26... g4 $2 (26... Bb3 $11) 27. Rd2 $16 {[%cal Bd1d2,Bd2h2,Bh2h4][%mdl 32]} Bb3 (27... Nb5 $16) 28. Be4 $18 Rb7 29. Qf1 Nc4 30. Rh2 Nb6 31. Qd3 Bc4 32. Qd1 Nb5 33. Rh4 ({Not} 33. Qxg4 Rg8 $16) 33... Bb3 34. Qxg4 {[%csl Gf5][%cal Rg4g7]} Rg8 35. Nh6 Rxg4 36. Rxg4 Nxc3 $2 (36... Nd4 37. Nf7+ Qxf7 $1 {[%mdl 512]} 38. exf7 Rb8) 37. bxc3 Nxd5 38. Rb1 $2 (38. Nf7+ $18 Qxf7 39. exf7) 38... Nxc3 $2 {[%mdl 8192] [#]} ({Weaker is} 38... Bc2 39. Rxb7 Bxe4 40. Nf7+ Qxf7 41. Rb8+ Qg8 42. Rgxg8#) (38... Ne3 $16 {was called for.} 39. Nf7+ Qxf7 $1 {[%mdl 512]} 40. exf7 Rb8 41. Rg8+ Rxg8 42. fxg8=N (42. fxg8=Q+ Kxg8 43. Re1 Nc4 $16) 42... Kxg8) 39. Nf7+ $2 {[#]} ({White must play} 39. Bc6 $1 $18 {[%cal Rc6e8][%mdl 512]} Bxe6 (39... Qxc6 40. Rg8#) 40. Rxb7) 39... Qxf7 $1 $11 40. exf7 {[%csl Gf7][%cal Rg4g8]} Rb8 41. Re1 $1 {Strongly threatening Bf5.} Bxf7 42. Bf5 Bxh5 43. Rh4 Rb2 $2 {[%mdl 8192]} (43... Ne2+ $11 {and Black has nothing to worry.} 44. Kf2 Rb2) 44. Rxh5 $18 Ne2+ 45. Rxe2 $1 Rxe2 46. Rxh7+ {[%mdl 4096] Endgame KRB-KR} Kg8 47. Rh2 (47. Kf1 $18 {is more deadly.} Ra2 48. Rxe7 Rxa3 49. Kf2) 47... Re1+ 48. Kf2 Ra1 49. Be6+ Kg7 {[#]} 50. Kf3 ({White should play} 50. f5 $1 $18) 50... Rxa3+ $14 51. Kg4 Re3 {[#]} 52. Kf5 $1 {And now Rb2 would win.} a3 53. g4 Rd3 54. Rc2 Rd4 55. Ra2 Ra4 56. Bb3 Ra5 {...c4+ is the strong threat.} 57. Ke6 Kf8 58. Ra1 Ra7 59. Ra2 Ra5 $1 60. Bd5 Ra4 61. Kf5 Rd4 $2 {[%mdl 8192]} (61... Kg7 $14) 62. Be6 $18 Rd3 (62... Ra4 $142 63. Bb3 Ra6) 63. Kg6 (63. Ra1 $142 c4 64. Rb1 (64. Bxc4 Rc3 $18)) 63... Re3 $2 (63... Ke8 $18 64. Rh2 Kd8) 64. Rh2 {Precision: White = 53%, Black = 46%.} 1-0

[Event "8th HDBank Cup 2018"]
[Site "Hanoi"]
[Date "2018.03.14"]
[Round "8"]
[White "Karthikeyan, Murali"]
[Black "Le, Quang Liem"]
[Result "1-0"]
[WhiteElo "2592"]
[BlackElo "2736"]
[Annotator "TA"]
[PlyCount "125"]
[EventDate "2018.??.??"]
[EventCountry "VIE"]
[SourceTitle "playchess.com"]
[Source "ChessBase"]
[SourceQuality "1"]

{[%evp 18,125,12,10,41,33,44,39,42,38,48,0,0,-15,70,-24,87,32,123,86,134,137,211,162,181,157,182,185,196,209,240,231,338,342,615,581,607,620,603,595,751,1213,1206,1188,1145,1138,1999,1969,1326,799,799,794,784,772,733,522,522,520,509,471,529,514,526,482,497,336,336,336,336,336,336,336,336,336,336,336,336,336,336,336,336,336,336,336,336,336,364,352,1263,1136,6635,1785,29962,29962,29961,12842,29971,29972,29970,29972,29971,29979,29984,29985,29985,29986,29986,29987,29987,29988]} 1. Nf3 Nf6 2. g3 b6 3. Bg2 Bb7 4. O-O c5 5. c4 g6 6. Nc3 Bg7 7. Re1 Ne4 8. Nxe4 {A30: Symmetrical English: Double Fianchetto and Hedgehog} Bxe4 9. d4 O-O 10. d5 {LiveBook: 10 Games. The position is equal.} h6 $146 ({Find the theoretical novelty and annotate with similar games:} 10... b5 11. cxb5 a6 12. bxa6 Rxa6 13. Nd2 Bxg2 14. Kxg2 d6 15. a3 Nd7 {1-0 (46) Malakhov,V (2670)-Chuchelov,V (2571) Warsaw 2005}) 11. Bf1 {Threatens to win with Nd2.} d6 12. Nd2 Bf5 13. e4 Bd7 14. f4 e5 {With the idea ...exf4.} 15. Nf3 Na6 (15... exf4 $11 16. gxf4 (16. Bxf4 Bg4 $15) 16... Bg4) 16. a3 (16. fxe5 $14 dxe5 17. b3) 16... Qe7 (16... exf4 $1 $11 17. gxf4 Bg4) 17. Bd3 (17. fxe5 $16 dxe5 18. b3) 17... f5 (17... exf4 $14 18. gxf4 Bg4) 18. Qc2 Rae8 19. Bd2 Qd8 (19... Nc7 $16 20. Bc3 exf4) 20. fxe5 dxe5 21. Rf1 $1 Qf6 22. Rae1 Qd6 23. Kh1 Nc7 24. Nh4 f4 {[#]} (24... b5 {might work better.} 25. exf5 g5) 25. gxf4 $1 $18 exf4 $2 (25... Qf6 26. Nf3 Bg4) 26. e5 Rxe5 27. Rxe5 Bxe5 28. Nxg6 Bh3 29. Nxe5 {Rg1+ would kill now.} Bxf1 30. Bh7+ Kg7 31. Bc3 {White threatens Nc6+ and mate.} Bh3 32. Nc6+ Kf7 33. Be5 Re8 {[#]} 34. Nd8+ $1 {[%mdl 512]} Rxd8 (34... Qxd8 35. Qg6+) 35. Bxd6 Rxd6 36. Bf5 Bxf5 37. Qxf5+ {[%mdl 4096] Endgame KQ-KRN} Ke7 38. Qxf4 a5 39. Qe5+ Kd7 40. Kg2 Ne8 41. Qf5+ Kd8 42. Qh7 Rf6 43. Kg3 Nd6 44. Kg4 Ne8 45. Qb7 Nc7 46. Qb8+ Kd7 47. Qh8 {Intending Qg7+ and mate.} Ne8 48. h4 Kd8 49. b3 Kd7 50. Qh7+ Kd8 51. Kh5 Nd6 52. a4 Ne8 $2 (52... Nf7 53. Qg8+ Ke7) 53. Qxh6 Rxh6+ 54. Kxh6 {KN-KP} Ke7 {[#]} 55. Kg6 $1 Kf8 56. h5 {[%cal Bh4h5,Bh5h6][%mdl 32]} Nd6 57. h6 {White mates.} Kg8 58. Kf6 b5 59. cxb5 c4 60. bxc4 Nxc4 61. Ke7 Nb6 62. d6 Nc8+ 63. Ke6 {Precision: White = 77%, Black = 32%.} 1-0

[Event "8th HDBank Cup 2018"]
[Site "Hanoi"]
[Date "2018.03.14"]
[Round "8"]
[White "Rozum, Ivan"]
[Black "Raja Harshit"]
[Result "1/2-1/2"]
[WhiteElo "2582"]
[BlackElo "2444"]
[Annotator "TA"]
[PlyCount "134"]
[EventDate "2018.??.??"]
[EventCountry "VIE"]
[SourceTitle "playchess.com"]
[Source "ChessBase"]
[SourceQuality "1"]

{[%evp 12,134,-28,-28,-8,-25,0,0,0,0,9,-6,0,-3,0,0,8,0,0,0,21,0,0,0,16,9,42,10,35,0,0,-36,-23,-39,0,-17,0,-77,0,0,0,-28,-29,-99,-83,-203,-189,-200,-183,-149,0,0,0,0,0,0,0,-18,-16,-18,-16,-16,-16,-17,-18,-18,-18,-16,0,0,0,-96,-100,-104,-104,-112,-82,-84,-90,-120,-18,-148,-147,-167,-167,-167,-167,-167,-167,-167,-166,-166,-166,-166,-154,-154,-154,-155,-154,-154,-154,-154,-154,-154,-154,-154,-154,-154,-154,-154,-154,-154,-154,-154,-154,-154,-154,-154,-154,-154,-154,-154,-154,-154,0]} 1. c4 c5 2. b3 e5 3. Bb2 Nc6 4. g3 Nf6 5. Bg2 d5 6. cxd5 {A30: Symmetrical English: Double Fianchetto and Hedgehog} Nxd5 7. Nf3 {LiveBook: 12 Games} (7. Nc3 Be6 8. Nf3 Be7 9. Rc1 f6 10. O-O O-O 11. e3 Nxc3 12. Bxc3 Qd7 {½-½ (24) Rakhmanov,A (2593)-Iturrizaga Bonelli,E (2649) Guarenas 2012}) 7... Bd6 8. Nc3 $146 {The position is equal.} ({Find the theoretical novelty and annotate with similar games:} 8. O-O O-O 9. d3 Be6 10. Nbd2 Rc8 11. Nc4 f6 12. Nxd6 Qxd6 {½-½ (42) Votava,J (2526)-Vokac,M (2458) Czechia 2014}) 8... Nxc3 9. dxc3 O-O 10. Nd2 Be6 11. Nc4 Bxc4 12. bxc4 Qe7 13. Qc2 f5 14. Bd5+ Kh8 15. O-O-O e4 16. f4 Qf6 17. e3 Rab8 18. g4 Ne7 19. Kb1 Bc7 20. Qa4 fxg4 21. Bxe4 Qe6 22. Qc2 Rfd8 23. Bd3 g6 24. Bc1 {[#]} (24. Ba3 $11) 24... Nf5 (24... b5 $1 $17 {[%cal Rb5c4][%mdl 512]} 25. cxb5 c4) 25. e4 $11 Nd6 26. f5 Qe5 {And now ...b5 would win.} 27. Ka1 (27. a4 $1 $11) 27... Ba5 $17 28. Bb2 (28. fxg6 $17 Bxc3+ 29. Bb2 Bxb2+ 30. Qxb2 Qxb2+ 31. Kxb2) 28... b5 $1 $19 {[%cal Rb5c4]} 29. cxb5 {[#] Strongly threatening c4.} c4 $1 30. Be2 Nxe4 ({Better is} 30... Rxb5 $17 31. Rd4 gxf5 32. exf5 Rdb8) 31. fxg6 $11 Rxd1+ 32. Rxd1 {Threatens to win with Rd4.} Rxb5 {[%cal Ra5c3]} 33. Bxc4 Rxb2 $1 34. g7+ (34. Qxb2 $2 {loses.} Bxc3 35. Qxc3 Qxc3+ $19) 34... Kxg7 35. Rd7+ Kh6 36. Kxb2 {aiming for Qc1+.} Bxc3+ 37. Kb1 Qf4 $40 {[%mdl 128] White should prevent ...Nd2+. Black is up to no good.} 38. Qe2 Bf6 39. Kc2 $1 Qe5 40. Qe3+ Bg5 41. Qd3 (41. Qd4 $11 {remains equal.} Qxh2+ 42. Kb3 Qh3+ 43. Ka4) 41... Qxh2+ $17 42. Qe2 {[#]} g3 $1 {[%cal Bg4g3,Bg3h2][%mdl 32]} 43. Qxh2+ gxh2 {[%mdl 4096] Endgame KRB-KBN} 44. Rd1 Nf2 45. Bd5 Be3 (45... Nxd1 $17 46. Kxd1 Kg6) 46. Rf1 (46. Re1 $11 Bb6 47. Rb1) 46... Kg5 {Black is clearly better.} 47. Rxf2 Bxf2 {KB-KB} 48. Kd3 Kf4 49. Ke2 Kg3 50. Bc6 h5 {[%cal Bh7h5,Bh5h4][%mdl 32]} 51. Bb7 h4 52. Bc6 a5 53. a4 Bb6 54. Bh1 Ba7 55. Kf1 h3 56. Ke2 Kf4 57. Kd3 Bb6 58. Ke2 Kg3 59. Kf1 Bc5 60. Ke2 Bb4 61. Kf1 Kf4 62. Ke2 Bc5 63. Kd3 Ke5 64. Kc4 Bb6 65. Kd3 Ba7 66. Kc4 Kd6 67. Kb5 Ke5 $2 {Precision: White = 56%, Black = 58%.} (67... Be3 $17 68. Kc4 Ba7) 1/2-1/2